00345nam a2200121Ia 4500008004100000041000800041100005000049245006300099260002300162300000900185542001500194650001400209220531s9999 xx 000 0 und d amar aगगनगास आणि येवले. aसमाजशास्‍त्रचा परिचय aPunebNiralic2008 a6.16 d21-08-2008 aSociology